000 00613nam a2200241 a 4500
001 nice12345678
003 IN_TiNIC
005 20260116011533.0
008 050524s1940 anba grp 000 0 urd
020 _a
_c5
082 0 0 _a275.4
_bAPP
100 _aAppaswamy, A J
245 _aMasih Hindustani Kalisiya Men
_b Christ in the Indian Church
260 _aAnbala
_bNational Christian Council
_c1940
300 _a140p
500 _aincludes index and biblioraphy
505 2 _aBibliography
650 _aChurch-India
650 _aTheology-India
902 _bSRS
942 _cBK
999 _c2423
_d2423